[Event "Port of Burlington op"]
[Site "Burlington"]
[Date "2019.02.03"]
[Round "4"]
[White "Peralta, Luis M"]
[Black "Kosokin, Valeriy"]
[Result "1/2-1/2"]
[WhiteElo "1723"]
[BlackElo "2151"]
[PlyCount "36"]
[EventDate "2019.02.02"]
[EventType "swiss"]
[EventRounds "5"]
[EventCountry "USA"]
[SourceTitle "EXT 2020"]
[Source "ChessBase"]
[SourceDate "2019.10.17"]
[SourceVersion "1"]
[SourceVersionDate "2019.10.17"]
[SourceQuality "1"]

1. d4 d5 2. c4 e6 3. Nc3 Nf6 4. Bg5 Be7 5. Nf3 0-0 6. e3 b6 7. cxd5 Nxd5 8. Nxd5 exd5 9. Bxe7 Qxe7 10. Rc1 Be6 11. Qc2 Rc8 12. Bd3 h6 13. 0-0 c5 14. b3 Nc6 15. dxc5 Nb4 16. Qe2 bxc5 17. Bb1 g6 18. Ne5 Nc6 1/2-1/2

[Event "Port of Burlington op"]
[Site "Burlington"]
[Date "2019.02.02"]
[Round "2"]
[White "Peralta, Luis M"]
[Black "Reynolds, Robert I"]
[Result "1/2-1/2"]
[WhiteElo "1723"]
[BlackElo "2227"]
[PlyCount "81"]
[EventDate "2019.02.02"]
[EventType "swiss"]
[EventRounds "5"]
[EventCountry "USA"]
[SourceTitle "EXT 2020"]
[Source "ChessBase"]
[SourceDate "2019.10.17"]
[SourceVersion "1"]
[SourceVersionDate "2019.10.17"]
[SourceQuality "1"]

1. e4 c5 2. Nf3 e6 3. d4 cxd4 4. Nxd4 Nf6 5. e5 Qa5+ 6. c3 Qxe5+ 7. Be2 Nc6 8. 0-0 Bc5 9. Be3 Bb6 10. Na3 d5 11. Nab5 0-0 12. Qd3 Qe4 13. Qd2 e5 14. f3 Qh4 15. g3 Qh3 16. Nc2 Bxe3+ 17. Nxe3 Be6 18. Nd6 Rab8 19. Ng4 Rfd8 20. Nxf6+ gxf6 21. Nb5 Rd7 22. Rad1 a6 23. Na3 Ne7 24. Nc2 Rbd8 25. Qe3 Nf5 26. Qf2 Kh8 27. Ne3 Rg8 28. Nxf5 Bxf5 29. f4 e4 30. Rd4 h5 31. Rfd1 h4 32. Qg2 hxg3 33. Qxh3+ Bxh3 34. Rxd5 Rxd5 35. Rxd5 gxh2+ 36. Kxh2 Rg2+ 37. Kxh3 Rxe2 38. b4 Re3+ 39. Kg4 Rxc3 40. Kf5 Kg7 41. Kxe4 1/2-1/2